<?xml version="1.0" encoding="UTF-8"?>
<collection xmlns="http://www.loc.gov/MARC21/slim">
 <record>
  <leader>01580aam a22003618a 4500</leader>
  <controlfield tag="001">00034809</controlfield>
  <controlfield tag="005">20171026081025.0</controlfield>
  <controlfield tag="008">161026s2014                  ||||||Viesd</controlfield>
  <datafield tag="020" ind1=" " ind2=" ">
   <subfield code="c">124000</subfield>
  </datafield>
  <datafield tag="041" ind1="0" ind2="#">
   <subfield code="a">Vie</subfield>
  </datafield>
  <datafield tag="082" ind1="1" ind2="4">
   <subfield code="a">332.63</subfield>
   <subfield code="b">PH121T</subfield>
  </datafield>
  <datafield tag="245" ind1="0" ind2="0">
   <subfield code="a">Phân tích và đầu tư chứng khoán</subfield>
   <subfield code="b">Soạn theo chương trình mới của UBCKNN. Lý thuyết cô dộng, bài tập phong phú, lời giải chi tiết</subfield>
   <subfield code="c">Bùi Kim Yến chủ biên...[và nh. ng. khác]</subfield>
  </datafield>
  <datafield tag="260" ind1="#" ind2="#">
   <subfield code="a">Hà Nội</subfield>
   <subfield code="b">Tài chính</subfield>
   <subfield code="c">2014</subfield>
  </datafield>
  <datafield tag="300" ind1="#" ind2="#">
   <subfield code="a">499tr.</subfield>
   <subfield code="c">24cm.</subfield>
  </datafield>
  <datafield tag="500" ind1="#" ind2="#">
   <subfield code="a">ĐTTS ghi: Trường Đại học kinh tế Tp. HCM. Khoa ngân hàng và bộ môn chứng khoán</subfield>
  </datafield>
  <datafield tag="650" ind1="#" ind2="4">
   <subfield code="a">Chứng khoán</subfield>
   <subfield code="v">Giáo trình</subfield>
  </datafield>
  <datafield tag="653" ind1="#" ind2="#">
   <subfield code="a">Phân tích</subfield>
  </datafield>
  <datafield tag="653" ind1="#" ind2="#">
   <subfield code="a">Kinh tế</subfield>
  </datafield>
  <datafield tag="653" ind1="#" ind2="#">
   <subfield code="a">Đầu tư chứng khoán</subfield>
  </datafield>
  <datafield tag="700" ind1="1" ind2="#">
   <subfield code="a">Bùi, Kim Yến</subfield>
   <subfield code="e">Đồng chủ biên</subfield>
  </datafield>
  <datafield tag="700" ind1="1" ind2="#">
   <subfield code="a">Lê, Văn Lâm</subfield>
   <subfield code="e">Tham gia biên soạn</subfield>
  </datafield>
  <datafield tag="700" ind1="1" ind2="#">
   <subfield code="a">Phan, Thu Hiền</subfield>
   <subfield code="e">Tham gia biên soạn</subfield>
  </datafield>
  <datafield tag="700" ind1="1" ind2="#">
   <subfield code="a">Thân, Thị Thu Thủy</subfield>
   <subfield code="e">Đồng chủ biên</subfield>
  </datafield>
  <datafield tag="700" ind1="1" ind2="#">
   <subfield code="a">Trần, Phương Thảo</subfield>
   <subfield code="e">Tham gia biên soạn</subfield>
  </datafield>
  <datafield tag="700" ind1="1" ind2="#">
   <subfield code="a">Trần, Thị Thanh Phương</subfield>
   <subfield code="e">Tham gia biên soạn</subfield>
  </datafield>
  <datafield tag="700" ind1="1" ind2="#">
   <subfield code="a">Đào, Trung Kiên</subfield>
   <subfield code="e">Tham gia biên soạn</subfield>
  </datafield>
  <datafield tag="852" ind1="#" ind2="#">
   <subfield code="b">Kho mượn</subfield>
   <subfield code="j">KM.0019413, KM.0019414</subfield>
  </datafield>
  <datafield tag="852" ind1="#" ind2="#">
   <subfield code="b">Kho đọc</subfield>
   <subfield code="j">KD.0018711</subfield>
  </datafield>
  <datafield tag="852" ind1="#" ind2="#">
   <subfield code="j">KD.0018711</subfield>
   <subfield code="j">KM.0019414</subfield>
   <subfield code="j">KM.0019413</subfield>
  </datafield>
  <datafield tag="910" ind1=" " ind2=" ">
   <subfield code="d">26/10/2016</subfield>
  </datafield>
  <datafield tag="980" ind1="#" ind2="#">
   <subfield code="a">Trung tâm Học liệu Lê Vũ Hùng, Trường Đại học Đồng Tháp</subfield>
  </datafield>
 </record>
</collection>
